=LDR 00000nam 2200000 4500 =001 INLIS000000000001414 =005 20130612085824 =008 ***********************************Ind** =035 ##$$0010-061300000001414 =041 ##$$a Ind =082 ##$$a 808.882 =090 ##$$a 808.882, Sul-m =100 ##$$a SULISTIYANA, Wahyu =245 ##$$a Merenung sambil tersenyum tersenyum sambil merenung, Wahyu Sulistiyana =260 ##$$a 1996 $b Yogyakarta =300 ##$$a 76 hlm, ilus, 18 cm =650 ##$$a Anekdot =850 ##$$a NBPNMAT